| 000 | 00886nam a22003137a 4500 | ||
|---|---|---|---|
| 001 | BR9401940 | ||
| 003 | BR-BrBNA | ||
| 005 | 20230928093922.0 | ||
| 007 | ta | ||
| 008 | 230509b bl.||||| |||| 00| 0 por d | ||
| 040 |
_aBR-BrBNA _bpor _cBiblioteca Nacional de Agricultura |
||
| 041 | _a(Por) | ||
| 072 | _aP30; F04; F08 | ||
| 090 | _ P30 BR9401940 | ||
| 110 | 1 | _aEmpresa de Assistencia Tecnica e Extensao Rural do Rio Grande do Sul, Porto Alegre (Brasil) | |
| 245 | 1 | _aManual tecnico. Solos, vol. 1 | |
| 260 | 3 |
_aPorto Alegre, RS (Brasil): _c1993. |
|
| 300 | _a155 p. | ||
| 650 | _aErosao do Solo | ||
| 650 | _aUso da Terra | ||
| 650 | _aManejo do Solo | ||
| 650 | _aCompactacao do Solo | ||
| 650 | _aFertilidade do Solo | ||
| 650 | _aAdubacao | ||
| 650 | _aPlantio Direto | ||
| 650 | _aRotacao de Cultura | ||
| 909 |
_a202309 _bLucia _c55 _dLucia Elande |
||
| 942 | _cBK | ||
| 999 |
_c47897 _d47897 |
||